Quiz Cultura Generale - Quiz n°62 - Statistics

Statistiche generali
  • Questo quiz è stato fatto 189 volte
  • Il punteggio medio è 9 su 15
Statistiche sulle risposte
Domanda Risposta % Corretto
Quale fiume insieme al Tigri bagna la Mesopotamia? Eufrate
100%
Qual è il satellite naturale della Terra? Luna
96%
Quale catena di fast food serve il panino "Big Mac"? McDonald's
90%
Attorno a quale tavolo del castello di Camelot sedevano i Cavalieri e Re Artù? Tavola Rotonda
86%
In quale sillaba cade l'accento di una parola tronca? Ultima
86%
Oltre al nero ed il giallo, quale altro colore compare sulla bandiera tedesca? Rosso
83%
Come si traduce il termine inglese "weapon"? Arma
81%
Quale seme ha meno valore a poker? Picche
78%
Quante vertebre compongono la Colonna Vertebrale umana? 33 - 34
49%
Chi interpreta Legolas nella trilogia de "Il Signore degli Anelli" di Peter Jackson? Orlando Bloom
42%
Quale affluente si immette nel Po nei pressi di Pavia? Ticino
32%
Quale ciclista si è visto revocate 7 titoli consecutivi del Tour de France? Lance Armstrong
27%
Qual è lo pseudonimo di Carlo Pedersoli? Bud Spencer
26%
Durante quale guerra si combatté la Battaglia di Gettysburg? Guerra civile americana
13%
Chi ha scritto "La macchina del tempo" nel 1895? H. G. Wells
4%
Nessun quiz corrispondente trovato
Distribuzione punteggi
Percentuale di utenti per punteggio
Percentile per numero di risposta
I tuoi punteggi nel tempo
Non hai fatto questo quiz